Category Elimination US States - Statistics

General Stats
  • This quiz has been taken 201 times
  • The average score is 9 of 10
Answer Stats
Group # Category
% Correct
Country 1 46 States with more than 4 letters
100%
Country 1 22 ...west of the Mississippi River
100%
Country 1 7 ...and are part of the mountain states
97%
Country 2 43 Name a state with more than 2 million people (2024)
97%
Country 2 35 ...and has less than 17 electoral votes
93%
Country 1 4 ...and have a repeated vowel
92%
Country 2 23 ...and has words on the flag
88%
Country 2 3 ...and has two words in its name
84%
Country 1 1 ...and whose capital has under 40,000 people Montana
78%
Country 2 1 ...and whose area is less than 10,000 miles New Jersey
70%
No matching quizzes found
Score Distribution
Percent of People with Each Score
Percentile by Number Answered
Your Score History
You have not taken this quiz